[Event "Oberliga Bayern 2324"]
[Site "Germany"]
[Date "2024.04.28"]
[Round "9.4"]
[White "Quast, Michael"]
[Black "Schmidt, Oliver2"]
[Result "1-0"]
[WhiteElo "2211"]
[BlackElo "2020"]
[PlyCount "69"]
[EventDate "2023.10.22"]
[EventType "team-tourn"]
[EventRounds "9"]
[EventCountry "GER"]
[SourceTitle "EXT 2025"]
[Source "ChessBase"]
[SourceDate "2024.10.14"]
[SourceVersion "1"]
[SourceVersionDate "2024.10.14"]
[SourceQuality "1"]
[WhiteTeam "Regensburg Post/Sued"]
[BlackTeam "Schwandorf"]
[WhiteTeamCountry "GER"]
[BlackTeamCountry "GER"]

1. d4 Nf6 2. Bf4 g6 3. e3 Bg7 4. h3 0-0 5. c3 d5 6. Nf3 c5 7. Nbd2 b6 8. Ne5 Nfd7 9. Ndf3 Bb7 10. Be2 Nxe5 11. Bxe5 Nc6 12. Bxg7 Kxg7 13. h4 h6 14. Qd2 e6 15. Bb5 Nb8 16. dxc5 bxc5 17. h5 g5 18. Ne5 Qc7 19. f4 Ba6 20. Ba4 Rd8 21. Rd1 f6 22. Qc2 fxe5 23. Qg6+ Kh8 24. Qxh6+ Kg8 25. Qxg5+ Kh8 26. Qh6+ Kg8 27. Rh4 Qg7 28. Qxe6+ Kh8 29. h6 Qg3+ 30. Kd2 Qf2+ 31. Kc1 Qxe3+ 32. Kb1 Bd3+ 33. Ka1 Nd7 34. Bxd7 Rxd7 35. Qxd7 1-0

[Event "Oberliga Bayern 2223"]
[Site "Germany"]
[Date "2023.03.05"]
[Round "7.3"]
[White "Quast, Michael"]
[Black "Alvir, Aco"]
[Result "1/2-1/2"]
[WhiteElo "2291"]
[BlackElo "2334"]
[PlyCount "87"]
[EventDate "2022.10.09"]
[EventType "team-tourn"]
[EventRounds "9"]
[EventCountry "GER"]
[SourceTitle "EXT 2025"]
[Source "ChessBase"]
[SourceDate "2024.10.14"]
[SourceVersion "1"]
[SourceVersionDate "2024.10.14"]
[SourceQuality "1"]
[WhiteTeam "Regensburg Post/Sued"]
[BlackTeam "Muenchen SC"]
[WhiteTeamCountry "GER"]
[BlackTeamCountry "GER"]

1. d4 Nf6 2. Bf4 g6 3. c3 Bg7 4. h3 0-0 5. Nf3 b6 6. e3 Bb7 7. Be2 c5 8. 0-0 d6 9. Nbd2 Nbd7 10. a4 a6 11. Re1 Ne4 12. Nxe4 Bxe4 13. Qb3 Nf6 14. Nd2 Bc6 15. Bf1 Qc7 16. e4 Qb7 17. e5 Nd5 18. Bh2 cxd4 19. exd6 dxc3 20. bxc3 exd6 21. Ne4 Nf6 22. Nxd6 Qa7 23. Bc4 Rad8 24. Rab1 Rd7 25. Qxb6 Qa8 26. f3 Nd5 27. Bxd5 Bxd5 28. Rbc1 Qc6 29. Qxc6 Bxc6 30. a5 Rfd8 31. Ne8 Bh8 32. Bc7 Rc8 33. Bf4 Rd3 34. Nd6 Rd8 35. Ne4 Bxe4 36. Rxe4 Rxc3 37. Rxc3 Bxc3 38. Bc7 Rd5 39. Ra4 Kf8 40. Kf1 Ke8 41. Ra3 Bb4 42. Ra4 Bc3 43. Ra3 Bb4 44. Ra4 1/2-1/2

[Event "Oberliga Bayern 2122"]
[Site "Bayern"]
[Date "2022.05.29"]
[Round "9.3"]
[White "Quast, Michael"]
[Black "Kabatianski, Alexander"]
[Result "1/2-1/2"]
[WhiteElo "2284"]
[BlackElo "2301"]
[PlyCount "42"]
[EventDate "2021.10.24"]
[EventType "team-tourn"]
[EventRounds "9"]
[EventCountry "GER"]
[SourceTitle "EXT 2024"]
[Source "ChessBase"]
[SourceDate "2023.10.10"]
[SourceVersion "1"]
[SourceVersionDate "2023.10.10"]
[SourceQuality "1"]
[WhiteTeam "Regensburg Post/Sued"]
[BlackTeam "Nuernberg NT"]
[WhiteTeamCountry "GER"]
[BlackTeamCountry "GER"]

1. d4 Nf6 2. Bf4 e6 3. e3 c5 4. c3 cxd4 5. exd4 b6 6. h3 Be7 7. Nf3 0-0 8. Nbd2 d6 9. a4 Ba6 10. Bb5 Bb7 11. 0-0 a6 12. Bc4 Re8 13. Re1 Bf8 14. Qb3 h6 15. Bf1 Qc7 16. a5 bxa5 17. Qa4 Nc6 18. Nc4 Nd5 19. Bc1 Nb6 20. Nxb6 Qxb6 21. Nd2 d5 1/2-1/2

[Event "Oberliga Bayern 2122"]
[Site "Bayern"]
[Date "2022.05.15"]
[Round "5.3"]
[White "Malkiel, Daniel E"]
[Black "Quast, Michael"]
[Result "0-1"]
[WhiteElo "2143"]
[BlackElo "2284"]
[PlyCount "66"]
[EventDate "2021.10.24"]
[EventType "team-tourn"]
[EventRounds "9"]
[EventCountry "GER"]
[SourceTitle "EXT 2024"]
[Source "ChessBase"]
[SourceDate "2023.10.10"]
[SourceVersion "1"]
[SourceVersionDate "2023.10.10"]
[SourceQuality "1"]
[WhiteTeam "Bindlach Aktionaer"]
[BlackTeam "Regensburg Post/Sued"]
[WhiteTeamCountry "GER"]
[BlackTeamCountry "GER"]

1. c4 g6 2. Nc3 Bg7 3. d4 Nf6 4. e4 d6 5. h3 c5 6. d5 e6 7. Nf3 exd5 8. exd5 0-0 9. Bd3 Re8+ 10. Be3 Bh6 11. 0-0 Bxe3 12. fxe3 a6 13. Qd2 Nbd7 14. Rf2 Nh5 15. g4 Ng7 16. Raf1 Qe7 17. e4 f6 18. Kg2 Rf8 19. Qh6 Ne5 20. Nxe5 Qxe5 21. Be2 Bd7 22. h4 b5 23. h5 gxh5 24. Rxf6 b4 25. Nd1 hxg4 26. Rxf8+ Rxf8 27. Rxf8+ Kxf8 28. Qxh7 Bf5 29. Qh8+ Kf7 30. Nf2 Bxe4+ 31. Kf1 Bf3 32. Bd3 g3 33. Qh3 g2+ 0-1

[Event "Oberliga Bayern 1920"]
[Site "Bayern"]
[Date "2020.03.01"]
[Round "7.3"]
[White "Kostic, Vladimir G"]
[Black "Quast, Michael"]
[Result "1/2-1/2"]
[WhiteElo "2265"]
[BlackElo "2283"]
[PlyCount "41"]
[EventDate "2019.10.20"]
[EventType "team-tourn"]
[EventRounds "9"]
[EventCountry "GER"]
[SourceTitle "EXT 2021"]
[Source "ChessBase"]
[SourceDate "2020.10.23"]
[SourceVersion "1"]
[SourceVersionDate "2020.10.23"]
[SourceQuality "1"]
[WhiteTeam "Muenchen Suedost"]
[BlackTeam "Regensburg Post/Sued"]
[WhiteTeamCountry "GER"]
[BlackTeamCountry "GER"]

1. e4 e5 2. Nf3 Nf6 3. Nc3 Nc6 4. Bb5 Bd6 5. d3 h6 6. h3 a6 7. Ba4 b5 8. Bb3 Bb7 9. a3 Bc5 10. Nd5 d6 11. c3 0-0 12. 0-0 Nd7 13. Nh2 Ne7 14. Ne3 Nf6 15. Nhg4 Nxg4 16. Qxg4 Bc8 17. Qd1 Be6 18. Kh1 Qd7 19. g4 Bxe3 20. Bxe3 d5 21. f3 1/2-1/2

[Event "Oberliga Bayern 1819"]
[Site "Bayern"]
[Date "2019.02.24"]
[Round "7.3"]
[White "Quast, Michael"]
[Black "Kostic, Vladimir G"]
[Result "1-0"]
[WhiteElo "2293"]
[BlackElo "2331"]
[PlyCount "87"]
[EventDate "2018.10.21"]
[EventType "team-tourn"]
[EventRounds "9"]
[EventCountry "GER"]
[SourceTitle "EXT 2020"]
[Source "ChessBase"]
[SourceDate "2019.10.17"]
[SourceVersion "1"]
[SourceVersionDate "2019.10.17"]
[SourceQuality "1"]
[WhiteTeam "Regensburg Post/Sued"]
[BlackTeam "Muenchen Suedost"]
[WhiteTeamCountry "GER"]
[BlackTeamCountry "GER"]

1. d4 e6 2. Bf4 d6 3. Nf3 Nf6 4. h3 Nbd7 5. e3 g6 6. Be2 Bg7 7. 0-0 0-0 8. c4 b6 9. Nc3 Bb7 10. Qc2 Qe7 11. Rfd1 Nh5 12. Bh2 f5 13. Nd2 f4 14. Bf3 Bxf3 15. Nxf3 fxe3 16. fxe3 Bh6 17. Qe2 Ng7 18. g4 Ne8 19. Bg3 Bg7 20. Rf1 c6 21. Rad1 e5 22. d5 c5 23. Ne4 Ndf6 24. Bh4 h6 25. Bxf6 Nxf6 26. Nfd2 Nh7 27. Kg2 Rad8 28. Rxf8+ Rxf8 29. Rf1 Qd7 30. b3 a6 31. Rxf8+ Bxf8 32. a4 Be7 33. Kg3 Qd8 34. Nf3 Qd7 35. h4 a5 36. Nfd2 Qd8 37. h5 Qe8 38. Qf3 Kg7 39. Kg2 Kh8 40. Nf1 Qg8 41. hxg6 Qxg6 42. Nfg3 Nf8 43. Nf5 Qh7 44. Nfxd6 1-0

[Event "Oberliga Bayern 1718"]
[Site "Bayern"]
[Date "2018.02.04"]
[Round "6.4"]
[White "Quast, Michael"]
[Black "Alvir, Aco"]
[Result "1/2-1/2"]
[WhiteElo "2281"]
[BlackElo "2375"]
[PlyCount "30"]
[EventDate "2017.10.22"]
[EventType "team-tourn"]
[EventRounds "9"]
[EventCountry "GER"]
[SourceTitle "EXT 2020"]
[Source "ChessBase"]
[SourceDate "2019.10.17"]
[SourceVersion "1"]
[SourceVersionDate "2019.10.17"]
[SourceQuality "1"]
[WhiteTeam "Regensburg Post/Sued"]
[BlackTeam "Muenchen 36"]
[WhiteTeamCountry "GER"]
[BlackTeamCountry "GER"]

1. d4 Nf6 2. Bf4 g6 3. e3 Bg7 4. h3 0-0 5. Nf3 d6 6. Be2 c5 7. c3 Qb6 8. Qb3 Be6 9. Qxb6 axb6 10. a3 Bd7 11. Nbd2 Bc6 12. 0-0 Re8 13. Rfd1 Nbd7 14. Bh2 h6 15. Kf1 Nf8 1/2-1/2

[Event "Oberliga Bayern 1718"]
[Site "Bayern"]
[Date "2017.11.26"]
[Round "3.4"]
[White "Cabarkapa, Novak"]
[Black "Quast, Michael"]
[Result "1-0"]
[WhiteElo "2438"]
[BlackElo "2281"]
[PlyCount "95"]
[EventDate "2017.10.22"]
[EventType "team-tourn"]
[EventRounds "9"]
[EventCountry "GER"]
[SourceTitle "EXT 2020"]
[Source "ChessBase"]
[SourceDate "2019.10.17"]
[SourceVersion "1"]
[SourceVersionDate "2019.10.17"]
[SourceQuality "1"]
[WhiteTeam "Deggendorf"]
[BlackTeam "Regensburg Post/Sued"]
[WhiteTeamCountry "GER"]
[BlackTeamCountry "GER"]

1. d4 Nf6 2. Nc3 d6 3. e4 Nbd7 4. Nf3 e5 5. a4 Be7 6. Bc4 0-0 7. 0-0 c6 8. h3 Qc7 9. Ba2 h6 10. Be3 Re8 11. Nh4 Nf8 12. dxe5 dxe5 13. Qf3 Be6 14. Bxe6 fxe6 15. Qe2 g5 16. Nf3 Ng6 17. Qc4 Bf8 18. g3 Qf7 19. Nh2 Kh7 20. a5 a6 21. Rfd1 Be7 22. Qb3 Bd8 23. Ng4 Nxg4 24. hxg4 Rc8 25. Bc5 Nf8 26. Kg2 Nd7 27. Bd6 b5 28. axb6 Bxb6 29. f3 Ra8 30. Qc4 a5 31. Qxc6 Rec8 32. Qb5 Bd4 33. Rxa5 Rxa5 34. Qxa5 Kg6 35. Rd3 Rc6 36. Bb4 Nf6 37. Rd2 Qb7 38. Ba3 Qc8 39. Rd3 Ra6 40. Qb4 Qc7 41. Nb5 Qxc2+ 42. Rd2 Qc8 43. Nxd4 exd4 44. Qxd4 Rc6 45. Be7 Ng8 46. Bb4 Rc4 47. Qd6 Rc6 48. Qd3 1-0

[Event "GER-chT Betriebe 16th"]
[Site "Dresden"]
[Date "2016.11.04"]
[Round "3.3"]
[White "Ziller, Christian"]
[Black "Quast, Michael"]
[Result "1-0"]
[WhiteElo "2071"]
[BlackElo "1723"]
[PlyCount "75"]
[EventDate "2016.11.03"]
[EventType "team-swiss"]
[EventRounds "7"]
[EventCountry "GER"]
[SourceTitle "EXT 2020"]
[Source "ChessBase"]
[SourceDate "2019.10.17"]
[SourceVersion "1"]
[SourceVersionDate "2019.10.17"]
[SourceQuality "1"]
[WhiteTeam "Hamburg Transit"]
[BlackTeam "Berlin Tempelhof II"]
[WhiteTeamCountry "GER"]
[BlackTeamCountry "GER"]

1. d4 Nf6 2. Nf3 g6 3. Bf4 Bg7 4. c3 0-0 5. Nbd2 d5 6. e3 Nh5 7. Bg5 h6 8. Bh4 Nd7 9. Be2 c6 10. Ne5 Nhf6 11. Qc2 Nxe5 12. dxe5 Ng4 13. Bxg4 Bxg4 14. Qa4 Bd7 15. Qb4 g5 16. Bg3 b6 17. Rd1 c5 18. Qb3 Be6 19. Qc2 Qc8 20. 0-0 Bg4 21. f3 Bh5 22. e4 Bg6 23. Qa4 e6 24. Rfe1 Rd8 25. Re2 Qd7 26. Qxd7 Rxd7 27. Nc4 Rad8 28. Red2 Kf8 29. Ne3 d4 30. cxd4 cxd4 31. Nc2 d3 32. Ne1 f5 33. exf6 Bxf6 34. Rxd3 Bd4+ 35. Bf2 e5 36. Bxd4 exd4 37. Nc2 Bf7 38. b3 1-0

[Event "Oberliga Bayern 1516"]
[Site "Bayern"]
[Date "2015.10.11"]
[Round "1.5"]
[White "Promyshlyanskiy, Vitaliy"]
[Black "Quast, Michael"]
[Result "1/2-1/2"]
[WhiteElo "2268"]
[BlackElo "2272"]
[PlyCount "76"]
[EventDate "2015.10.11"]
[EventType "team-tourn"]
[EventRounds "9"]
[EventCountry "GER"]
[SourceTitle "EXT 2018"]
[Source "ChessBase"]
[SourceDate "2017.10.13"]
[SourceVersion "1"]
[SourceVersionDate "2017.10.13"]
[SourceQuality "1"]
[WhiteTeam "Nuernberg NT"]
[BlackTeam "Regensburg Post/Sued"]
[WhiteTeamCountry "GER"]
[BlackTeamCountry "GER"]

1. e4 e5 2. Nf3 Nf6 3. d4 Nxe4 4. Bd3 d5 5. Nxe5 Nd7 6. Nxd7 Bxd7 7. 0-0 Bd6 8. Nc3 Nxc3 9. bxc3 0-0 10. Qh5 f5 11. Re1 Qf6 12. Qf3 c6 13. Bf4 Rae8 14. h4 Ba3 15. Bg5 Qf7 16. Rab1 Bc8 17. Bf4 Rxe1+ 18. Rxe1 Re8 19. Be5 g6 20. Qg3 f4 21. Qg5 f3 22. h5 Bf5 23. Bxf5 Qxf5 24. Qxf5 gxf5 25. Re3 fxg2 26. Rg3+ Kf8 27. Rg5 Re7 28. Rxf5+ Rf7 29. Rg5 Be7 30. Rxg2 Rf5 31. h6 Bg5 32. Rh2 Kf7 33. Rh3 Kg6 34. Bg7 Bf6 35. Bxf6 Rxf6 36. Re3 Kxh6 37. Re7 Rf3 38. Rxb7 Rxc3 1/2-1/2